<?xml version="1.0" encoding="UTF-8"?>
<record
    xmlns:xsi="http://www.w3.org/2001/XMLSchema-instance"
    xsi:schemaLocation="http://www.loc.gov/MARC21/slim http://www.loc.gov/standards/marcxml/schema/MARC21slim.xsd"
    xmlns="http://www.loc.gov/MARC21/slim">

  <leader>02467cam a2200433 i 4500</leader>
  <controlfield tag="001">20494728</controlfield>
  <controlfield tag="003">OSt</controlfield>
  <controlfield tag="005">20241022063828.0</controlfield>
  <controlfield tag="008">171123s2018    nyu    j      000 1 eng c</controlfield>
  <datafield tag="010" ind1=" " ind2=" ">
    <subfield code="a">  2017041777</subfield>
  </datafield>
  <datafield tag="020" ind1=" " ind2=" ">
    <subfield code="a">9781524741679 (hardcover)</subfield>
  </datafield>
  <datafield tag="020" ind1=" " ind2=" ">
    <subfield code="z">9781524741846 (ebook)</subfield>
  </datafield>
  <datafield tag="040" ind1=" " ind2=" ">
    <subfield code="a">LBSOR/DLC</subfield>
    <subfield code="b">eng</subfield>
    <subfield code="c">LBSOR</subfield>
    <subfield code="e">rda</subfield>
    <subfield code="d">DLC</subfield>
  </datafield>
  <datafield tag="042" ind1=" " ind2=" ">
    <subfield code="a">pcc</subfield>
  </datafield>
  <datafield tag="050" ind1="0" ind2="0">
    <subfield code="a">810.8 B864H</subfield>
    <subfield code="b">.H67 2018</subfield>
  </datafield>
  <datafield tag="082" ind1="0" ind2="0">
    <subfield code="a">810.8 B864H</subfield>
    <subfield code="2">23</subfield>
  </datafield>
  <datafield tag="245" ind1="0" ind2="0">
    <subfield code="a">Hope nation :</subfield>
    <subfield code="b">YA authors share personal moments of inspiration /</subfield>
    <subfield code="c">edited by Rose Brock.</subfield>
  </datafield>
  <datafield tag="264" ind1=" " ind2="1">
    <subfield code="a">New York, NY :</subfield>
    <subfield code="b">Philomel Books,</subfield>
    <subfield code="c">[2018]</subfield>
  </datafield>
  <datafield tag="300" ind1=" " ind2=" ">
    <subfield code="a">290 pages ;</subfield>
    <subfield code="c">22 cm</subfield>
  </datafield>
  <datafield tag="336" ind1=" " ind2=" ">
    <subfield code="a">text</subfield>
    <subfield code="2">rdacontent</subfield>
  </datafield>
  <datafield tag="337" ind1=" " ind2=" ">
    <subfield code="a">unmediated</subfield>
    <subfield code="2">rdamedia</subfield>
  </datafield>
  <datafield tag="338" ind1=" " ind2=" ">
    <subfield code="a">volume</subfield>
    <subfield code="2">rdacarrier</subfield>
  </datafield>
  <datafield tag="505" ind1="0" ind2=" ">
    <subfield code="a">Don't listen to the a**holes / Atia Abawi -- TK / Ren&#xE9;e Ahdieh -- Before and after / Libba Bray -- The dreadful summer of 1991 / Howard Bryant -- The two types of secrets / Ally Carter -- Rundown / Ally Condie -- Letter words / James Dashner -- Baseball pasta / Christina Diaz Gonzalez -- Shot of hope / Gayle Forman -- Caution: this hope is NSFW (but it shouldn't be) / I. W. Gregorio -- Wings and teeth / Kate Hart -- TK / David Levithan -- Different dances / Alex London -- TK / Marie Lu -- Hoping for home / Julie Murphy -- TK / Jason Reynolds and Brendan Kiely -- Born in Argentina, made in America: the immigrant identity / Romina Russell -- The only one I can apologize for / Aisha Saeed -- Always / Nic Stone -- Now more than ever / Angie Thomas -- In the past / Jenny Torres Sanchez -- Nobody remembers the names of people who build walls / Jeff Zentner.</subfield>
  </datafield>
  <datafield tag="520" ind1=" " ind2=" ">
    <subfield code="a">"To help embolden hope, here is a powerhouse collection of essays and letters that speak directly to teens and all YA readers"--</subfield>
    <subfield code="c">Provided by publisher.</subfield>
  </datafield>
  <datafield tag="650" ind1=" " ind2="0">
    <subfield code="a">Teenagers</subfield>
    <subfield code="x">Conduct of life</subfield>
    <subfield code="v">Juvenile literature.</subfield>
    <subfield code="9">210</subfield>
  </datafield>
  <datafield tag="650" ind1=" " ind2="0">
    <subfield code="a">Teenagers</subfield>
    <subfield code="x">Conduct of life</subfield>
    <subfield code="v">Juvenile fiction.</subfield>
    <subfield code="9">211</subfield>
  </datafield>
  <datafield tag="650" ind1=" " ind2="0">
    <subfield code="a">Hope</subfield>
    <subfield code="v">Juvenile literature.</subfield>
    <subfield code="9">212</subfield>
  </datafield>
  <datafield tag="650" ind1=" " ind2="0">
    <subfield code="a">Hope</subfield>
    <subfield code="v">Juvenile fiction.</subfield>
    <subfield code="9">213</subfield>
  </datafield>
  <datafield tag="650" ind1=" " ind2="0">
    <subfield code="a">Encouragement</subfield>
    <subfield code="v">Juvenile literature.</subfield>
    <subfield code="9">214</subfield>
  </datafield>
  <datafield tag="650" ind1=" " ind2="0">
    <subfield code="a">Encouragement</subfield>
    <subfield code="v">Juvenile fiction.</subfield>
    <subfield code="9">215</subfield>
  </datafield>
  <datafield tag="650" ind1=" " ind2="7">
    <subfield code="a">Hope.</subfield>
    <subfield code="2">sears</subfield>
    <subfield code="9">216</subfield>
  </datafield>
  <datafield tag="650" ind1=" " ind2="7">
    <subfield code="a">Encouragement.</subfield>
    <subfield code="2">sears</subfield>
    <subfield code="9">217</subfield>
  </datafield>
  <datafield tag="655" ind1=" " ind2="7">
    <subfield code="a">Essays.</subfield>
    <subfield code="2">lcgft</subfield>
    <subfield code="9">218</subfield>
  </datafield>
  <datafield tag="655" ind1=" " ind2="7">
    <subfield code="a">Short stories.</subfield>
    <subfield code="2">lcgft</subfield>
    <subfield code="9">219</subfield>
  </datafield>
  <datafield tag="700" ind1="1" ind2=" ">
    <subfield code="a">Brock, Rose,</subfield>
    <subfield code="c">(Dr),</subfield>
    <subfield code="e">editor.</subfield>
    <subfield code="9">220</subfield>
  </datafield>
  <datafield tag="906" ind1=" " ind2=" ">
    <subfield code="a">7</subfield>
    <subfield code="b">cbc</subfield>
    <subfield code="c">orignew</subfield>
    <subfield code="d">1</subfield>
    <subfield code="e">ecip</subfield>
    <subfield code="f">20</subfield>
    <subfield code="g">y-gencatlg</subfield>
  </datafield>
  <datafield tag="942" ind1=" " ind2=" ">
    <subfield code="2">ddc</subfield>
    <subfield code="c">BK</subfield>
  </datafield>
  <datafield tag="999" ind1=" " ind2=" ">
    <subfield code="c">11187</subfield>
    <subfield code="d">11187</subfield>
  </datafield>
  <datafield tag="952" ind1=" " ind2=" ">
    <subfield code="0">0</subfield>
    <subfield code="1">0</subfield>
    <subfield code="2">ddc</subfield>
    <subfield code="4">0</subfield>
    <subfield code="7">0</subfield>
    <subfield code="8">NFIC</subfield>
    <subfield code="a">HMC</subfield>
    <subfield code="b">HMC</subfield>
    <subfield code="c">GEN</subfield>
    <subfield code="d">2024-10-22</subfield>
    <subfield code="l">0</subfield>
    <subfield code="o">810.8 B864H</subfield>
    <subfield code="p">013104</subfield>
    <subfield code="r">2024-10-22 06:40:06</subfield>
    <subfield code="w">2024-10-22</subfield>
    <subfield code="y">BK</subfield>
  </datafield>
</record>
